Social Work Practice In Health: (Record no. 81874)

MARC details
000 -LEADER
fixed length control field 00852nam a22002657a 4500
003 - CONTROL NUMBER IDENTIFIER
control field URS
005 - DATE AND TIME OF LATEST TRANSACTION
control field 20250128222837.0
008 - FIXED-LENGTH DATA ELEMENTS--GENERAL INFORMATION
fixed length control field 250123b |||||||| |||| 00| 0 eng d
020 ## - INTERNATIONAL STANDARD BOOK NUMBER
International Standard Book Number 978-1-003-33074-5
040 ## - CATALOGING SOURCE
Transcribing agency URS
050 00 - LIBRARY OF CONGRESS CALL NUMBER
Classification number HV 473
Item number .So1312 2023
245 10 - TITLE STATEMENT
Title Social Work Practice In Health:
Remainder of title An Introduction to Contexts, Theories and Skills/
Statement of responsibility, etc Edited by Melissa Petrakis
250 ## - EDITION STATEMENT
Edition statement Second Edition
264 #1 - PUBLICATION, DISTRIBUTION, ETC. (IMPRINT)
Place of publication, distribution, etc Routledge, New York
Name of publisher, distributor, etc Routledge
Date of publication, distribution, etc @2023
300 ## - PHYSICAL DESCRIPTION
Extent xiii, 210 pages,
Other physical details illustrations,
Dimensions 24cm.
336 ## - CONTENT TYPE
Source rdacontent
Content type term text
337 ## - MEDIA TYPE
Source rdamedia
Media type term unmediated
338 ## - CARRIER TYPE
Source rdacarrier
Carrier type term volume
504 ## - BIBLIOGRAPHY, ETC. NOTE
Bibliography, etc It includes Index.
650 ## - SUBJECT ADDED ENTRY--TOPICAL TERM
Source of heading or term Social service--Australia.
650 ## - SUBJECT ADDED ENTRY--TOPICAL TERM
Source of heading or term Public health--Australia.
650 ## - SUBJECT ADDED ENTRY--TOPICAL TERM
Source of heading or term Medical social work--Australia.
700 ## - ADDED ENTRY--PERSONAL NAME
Personal name Petrakis, Melissa
Relator term editor
942 ## - ADDED ENTRY ELEMENTS (KOHA)
Source of classification or shelving scheme Library of Congress Classification
Koha item type Foreign Books
Holdings
Withdrawn status Lost status Source of classification or shelving scheme Damaged status Not for loan Home library Current library Shelving location Date acquired Total Checkouts Full call number Barcode Date last seen Copy number Price effective from Koha item type
    Library of Congress Classification     Rodriguez College Library Rodriguez College Library Filipiniana Section 01/22/2025   HV 473 .So1312 2023 URSROD-5272 01/23/2025 1 01/23/2025 Foreign Books

University of Rizal System
Email us at univlibservices@urs.edu.ph

Visit our Website www.urs.edu.ph/library